| 000 | 00548nam a2200169 a 4500 | ||
|---|---|---|---|
| 008 | 120416s2000 ||||||||||||||||| || u | ||
| 020 | _a0750645857 | ||
| 050 | _aTK 7867 Sin | ||
| 100 | _aSinclair, Ian R | ||
| 245 | 1 | 0 | _aPractical electronics handbook |
| 250 | _a5th ed. | ||
| 260 |
_aOxford _bNewness _c2000 |
||
| 350 | _a0.00 | ||
| 650 | _aELECTRONIC CIRCUITS | ||
| 650 | 0 | _aELECTRONICS | |
| 995 |
_D0.00 _FCBU-MAIN LIBRARY (Kitwe) _H1 _I0.00 _M1 _UDAMAGED _ZMain Library Open Access Collection |
||
| 999 |
_c54230 _d54230 |
||